000 01174nam a2200313Ia 4500
005 20220317001353.0
008 161108s2006 mx a g 000 0 spa
020 _a9789583801389
100 1 _aFunke, Cornelia
_d1958-
245 1 0 _aCuando Santa cayó del cielo
_cCornelia Funke ; traducción de Rosa Pilar Blanco ; ilustraciones de Regina Kehn
250 _a1a. edición
_b1a. reimpresión
300 _a164 páginas
_bilustraciones en color
_c21 cm
534 _tAls der weihnachtsmann won himmel fiel
650 1 4 _2LEMB
_aNovela juvenil alemana
_ySiglo XX
650 1 4 _2LEMB
_aLiteratura juvenil alemana
_ySiglo XX
650 1 4 _2LEMB
_aPapa noel en la literatura
650 1 4 _2LEMB
_aRegalos en la literatura
650 1 4 _2LEMB
_afantasía en la literatura
650 1 4 _2LEMB
_aNavidad en la literatura
700 1 _aKehn, Regina
_971604
700 1 _aBlanco, Rosa Pilar
_971605
942 _2loc
_cBKLIT
264 _aMéxico
_bFondo de Cultura Económica
_bSiruela
_c2006
336 _atexto
_btxt
_2rdacontent
337 _asin mediación
_bn
_2rdamedia
338 _avolumen
_bnc
_2rdacarrier
040 _aCO-BoRNBP
_bspa
_erda
_cCO-BoRNBP
084 _aN FUN1
999 _c6762
_d6762